Subhas: (Record no. 222059)
[ view plain ]
| 000 -LEADER | |
|---|---|
| fixed length control field | 01187nam a22002297a 4500 |
| 005 - DATE AND TIME OF LATEST TRANSACTION | |
| control field | 20220328150326.0 |
| 008 - FIXED-LENGTH DATA ELEMENTS--GENERAL INFORMATION | |
| fixed length control field | 220328b ||||| |||| 00| 0 eng d |
| 020 ## - INTERNATIONAL STANDARD BOOK NUMBER | |
| International Standard Book Number | 8171675131 |
| 040 ## - CATALOGING SOURCE | |
| Transcribing agency | Aloy |
| 041 ## - LANGUAGE CODE | |
| Language code of text/sound track or separate title | eng |
| 082 ## - DEWEY DECIMAL CLASSIFICATION NUMBER | |
| Edition number | 23 |
| Classification number | 324.2092 |
| Item number | DASS |
| 100 ## - MAIN ENTRY--PERSONAL NAME | |
| Personal name | Sitanshu Das |
| 100 ## - MAIN ENTRY--PERSONAL NAME | |
| 9 (RLIN) | 26332 |
| 245 ## - TITLE STATEMENT | |
| Title | Subhas: |
| Remainder of title | A political biography |
| 260 ## - PUBLICATION, DISTRIBUTION, ETC. | |
| Place of publication, distribution, etc. | New Delhi |
| Name of publisher, distributor, etc. | Rupa & Co |
| Date of publication, distribution, etc. | 2001 |
| 300 ## - PHYSICAL DESCRIPTION | |
| Extent | xi,634 p. |
| Other physical details | HB |
| Dimensions | 23x16 cm. |
| 365 ## - TRADE PRICE | |
| Source of price type code | Political Science |
| Price amount | 595.00 |
| Currency code | ₹ |
| Unit of pricing | 595.00 |
| 520 ## - SUMMARY, ETC. | |
| Summary, etc. | Subhas Chandra Bose is one of India's most controversial leaders. He was one of the few Indian leaders to attempt to win freedom by force and was a constant thorn in the side of the British, as well as Mahatma Gandhi. A revolutionary in every sense of the word, Bose spent his life haunted by a call of duty and would meet his death in attempting to answer that call in his own indomitable way. Subhas: A Political Biography explores the ideology and politics of a passionate intellect who sacrificed everything in his effort to win freedom for his country at any cost. |
| 650 ## - SUBJECT ADDED ENTRY--TOPICAL TERM | |
| Topical term or geographic name entry element | Biography |
| 9 (RLIN) | 26333 |
| 650 ## - SUBJECT ADDED ENTRY--TOPICAL TERM | |
| Topical term or geographic name entry element | Political Science |
| 9 (RLIN) | 26334 |
| 700 ## - ADDED ENTRY--PERSONAL NAME | |
| Personal name | DAS (Sitanshu) |
| 9 (RLIN) | 26335 |
| 942 ## - ADDED ENTRY ELEMENTS (KOHA) | |
| Source of classification or shelving scheme | Dewey Decimal Classification |
| Koha item type | George Fernandes Collections |
| Withdrawn status | Lost status | Source of classification or shelving scheme | Damaged status | Not for loan | Collection code | Home library | Current library | Date acquired | Total Checkouts | Full call number | Barcode | Date last seen | Date last checked out | Price effective from | Koha item type |
|---|---|---|---|---|---|---|---|---|---|---|---|---|---|---|---|
| Dewey Decimal Classification | Political Science | St Aloysius Library | St Aloysius Library | 03/24/2022 | 1 | 324.2092 DASS | GF03894 | 05/30/2022 | 05/21/2022 | 03/28/2022 | George Fernandes Collections |